| 000 | 00733namaa22001811 4500 | ||
|---|---|---|---|
| 001 | 173784 | ||
| 003 | ES-MaACL | ||
| 005 | 20231228063256.0 | ||
| 008 | 100119s1841 sp |||| | spa d | ||
| 040 |
_aSpMaBN _bspa _cA2 |
||
| 080 | _a86-23"18" | ||
| 100 | 1 |
_aGil y Zárate, Antonio, _d1793-1861 _956804 |
|
| 245 | 1 | 0 |
_aMatilde, o a un tiempo dama y esposa _b: drama en cuatro actos / _cpor Antonio Gil y Zárate. |
| 260 |
_aMadrid : _b[s.n.], _c1841 ( _fImp. Repullés) |
||
| 300 |
_a80 p. ; _c18 cm. |
||
| 852 |
_aES-MaACL _jF-8605(1) _z.- Enc. pasta española _q.- Falto de la cub. original _z.- Enc. en un vol. facticio formando parte de la col. facticia "Teatro español moderno", vol. 60 |
||
| 999 |
_c173784 _d173784 |
||